Sports Quiz

Random Sports or Cricket Quiz
Score 0/218 Timer 20:00
0 Plays Today
Country Player % Correct
AustraliaSteven Smith
92.6%
West IndiesDwayne Smith
92.6%
AustraliaDavid Warner
92%
IndiaVirat Kohli
88.3%
AustraliaMitchell Starc
87.2%
IndiaMS Dhoni
85.1%
IndiaRohit Sharma
84.6%
AustraliaMitchell Johnson
83%
IndiaMohit Sharma
82.4%
EnglandMoeen Ali
81.9%
EnglandJoe Root
81.4%
EnglandJames Taylor
81.4%
New ZealandRoss Taylor
81.4%
ScotlandRob Taylor
81.4%
AustraliaMichael Clarke
80.9%
AustraliaAaron Finch
80.9%
EnglandJames Anderson
80.9%
United Arab EmiratesAmjad Ali
80.9%
West IndiesJerome Taylor
80.9%
ZimbabweBrendan Taylor
80.9%
PakistanRahat Ali
80.7%
New ZealandCorey Anderson
80.3%
South AfricaHashim Amla
79.8%
South AfricaDale Steyn
79.3%
South AfricaAB de Villiers
78.7%
AustraliaShane Watson
77.7%
New ZealandBrendon McCullum
77.7%
PakistanSohail Khan
77.7%
PakistanYounis Khan
77.1%
West IndiesChris Gayle
77.1%
New ZealandNathan McCullum
76.6%
United Arab EmiratesKhurram Khan
76.6%
EnglandStuart Broad
76.1%
New ZealandTrent Boult
76.1%
IndiaShikhar Dhawan
75.5%
New ZealandTim Southee
75%
New ZealandKane Williamson
75%
AustraliaGlenn Maxwell
74.5%
EnglandEoin Morgan
73.4%
Sri LankaKumar Sangakkara
73.4%
ZimbabweSean Williams
72.3%
EnglandJos Buttler
71.3%
IndiaRavindra Jadeja
70.7%
South AfricaFaf du Plessis
70.7%
South AfricaMorne Morkel
70.7%
IndiaRavichandran Ashwin
69.7%
South AfricaQuinton de Kock
69.7%
AustraliaBrad Haddin
69.1%
PakistanMisbah-Ul-Haq
69.1%
Sri LankaMahela Jayawardene
69.1%
IrelandKevin O'Brien
68.6%
Sri LankaLasith Malinga
68.6%
AfghanistanMohammad Nabi
68.1%
New ZealandMartin Guptill
68.1%
IrelandNiall O'Brien
67.6%
AustraliaJosh Hazlewood
67%
AustraliaMitchell Marsh
66.5%
BangladeshShakib Al Hasan
65.4%
EnglandIan Bell
64.9%
IndiaSuresh Raina
64.4%
New ZealandDaniel Vettori
62.8%
PakistanAhmed Shehzad
62.2%
South AfricaImran Tahir
62.2%
South AfricaVernon Philander
62.2%
Sri LankaAngelo Mathews
61.7%
IndiaAjinkya Rahane
61.2%
Sri LankaTillakaratne Dilshan
61.2%
West IndiesDarren Bravo
60.6%
EnglandSteven Finn
60.1%
EnglandChris Woakes
60.1%
IndiaUmesh Yadav
60.1%
AustraliaGeorge Bailey
59.6%
AustraliaPat Cummins
59.6%
Country Player % Correct
IndiaMohammed Shami
59%
South AfricaJean-Paul Duminy
59%
West IndiesJason Holder
59%
AustraliaXavier Doherty
58%
EnglandAlex Hales
58%
South AfricaDavid Miller
56.9%
BangladeshTamim Iqbal
56.4%
IrelandWilliam Porterfield
56.4%
West IndiesNikita Miller
56.4%
AustraliaJames Faulkner
55.9%
PakistanSarfraz Ahmed
55.3%
BangladeshTaskin Ahmed
54.3%
PakistanShahid Afridi
54.3%
PakistanWahab Riaz
53.2%
New ZealandLuke Ronchi
52.7%
West IndiesMarlon Samuels
52.7%
BangladeshMahmudullah
52.1%
IrelandEd Joyce
52.1%
EnglandRavi Bopara
51.1%
PakistanYasir Shah
51.1%
IndiaBhuvneshwar Kumar
50.5%
West IndiesDarren Sammy
50.5%
PakistanUmar Akmal
50%
EnglandGary Ballance
49.5%
EnglandChris Jordan
49.5%
IndiaAkshar Patel
48.9%
New ZealandGrant Elliott
48.4%
BangladeshRubel Hossain
47.3%
ZimbabweHamilton Masakadza
47.3%
AfghanistanShapoor Zadran
46.8%
IrelandPaul Stirling
46.8%
Sri LankaRangana Herath
46.8%
Sri LankaJeevan Mendis
46.8%
Sri LankaThisara Perera
46.8%
AfghanistanDawlat Zadran
46.3%
AfghanistanNajibullah Zadran
46.3%
BangladeshMashrafe Mortaza
46.3%
PakistanMohammad Irfan
46.3%
ScotlandKyle Coetzer
45.7%
Sri LankaDinesh Chandimal
45.7%
West IndiesKemar Roach
45.2%
Sri LankaKusal Perera
45.1%
West IndiesSulieman Benn
44.1%
BangladeshAl-Amin Hossain
43.6%
BangladeshNasir Hossain
43.1%
EnglandJames Tredwell
43.1%
ScotlandMajid Haq
42.6%
PakistanHarris Sohail
42%
Sri LankaNuwan Kulasekara
42%
AfghanistanSamiullah Shenwari
41.5%
West IndiesDenesh Ramdin
40.4%
West IndiesAndre Russell
40.4%
New ZealandTom Latham
39.9%
IndiaAmbati Rayudu
39.4%
New ZealandAdam Milne
38.8%
South AfricaKyle Abbott
38.8%
Sri LankaLahiru Thirimanne
38.8%
ZimbabweElton Chigumbura
38.8%
New ZealandMatt Henry
38.7%
IrelandGeorge Dockrell
37.8%
IrelandJohn Mooney
37.8%
New ZealandKyle Mills
37.8%
South AfricaFarhaan Behardien
37.8%
ZimbabweCraig Ervine
37.2%
West IndiesLendl Simmons
36.7%
IndiaStuart Binny
36.2%
AfghanistanGulbadin Naib
35.1%
South AfricaReese Rossouw
34%
Sri LankaSuranga Lakmal
34%
ScotlandPreston Mommsen
33.5%
AfghanistanHamid Hassan
33%
AfghanistanAsghar Stanikzai
31.9%
BangladeshMushfiqur Rahim, Mushfiqur
31.9%
Country Player % Correct
New ZealandMitchell McClenaghan
31.4%
South AfricaWayne Parnell
31.4%
United Arab EmiratesMohammad Tauqir
31.4%
ZimbabweSikandar Raza
31.4%
AfghanistanNawroz Mangal
30.9%
IrelandGary Wilson
30.9%
BangladeshTaijul Islam
29.8%
BangladeshImrul Kayes
29.6%
IrelandAndy Balbirnie
29.3%
ZimbabweTinashe Panyangara
29.3%
IrelandAlex Cusack
28.7%
United Arab EmiratesMohammad Naveed
28.7%
BangladeshSabbir Rahman
28.2%
Sri LankaDimuth Karunaratne
27.7%
United Arab EmiratesShaiman Anwar
27.1%
BangladeshMominul Haque
25.5%
BangladeshSoumya Sarkar
25.5%
Sri LankaUpul Tharanga
25.4%
ZimbabweProsper Utseya
25%
BangladeshAnamul Haque
24.5%
ScotlandJosh Davey
23.9%
ZimbabweTendai Chatara
23.9%
PakistanSohaib Maqsood
23.4%
ScotlandMatt Machan
22.3%
West IndiesJohnson Charles
21.8%
IrelandCraig Young
21.8%
Scotland Matthew Cross
21.8%
South AfricaAaron Phangiso
21.8%
ScotlandCalum MacLeod
20.7%
PakistanNasir Jamshed
20.5%
ScotlandRichie Berrington
20.2%
Sri LankaSachithra Senanayake
20.2%
ZimbabweChamu Chibhabha
20.2%
AfghanistanJaved Ahmadi
19.7%
AfghanistanMerwais Ashraf
19.7%
Sri LankaDushmanthha Chameera
19.3%
AfghanistanAftab Alam
19.1%
West IndiesJonathan Carter
19.1%
IrelandMax Sorensen
17.5%
IrelandAndy McBrine
17%
ScotlandIain Wardlaw
17%
AfghanistanAfsar Zazai
16.5%
IrelandPeter Chase
16.5%
West IndiesSheldon Cottrell
16.5%
AfghanistanUsman Ghani
16%
BangladeshArafat Sunny
16%
ScotlandAlasdair Evans
16%
United Arab EmiratesAmjad Javed
16%
ZimbabweRegis Chakabva
16%
ZimbabweSolomon Mire
16%
ScotlandMichael Leask
14.9%
ZimbabweStuart Matsikenyeri
14.4%
ScotlandSafyaan Sharif
13.8%
ZimbabweTafadzwa Kamungozi
13.8%
IrelandStuart Thompson
13.3%
Scotland Freddie Coleman
13.3%
United Arab EmiratesSwapnil Patil
13.3%
ScotlandHamish Gardiner
12.8%
PakistanEhsan Adil
11.7%
ZimbabweTawanda Mupariwa
11.7%
AfghanistanNasir Jamal
11.2%
United Arab EmiratesAndri Berenger
11.2%
United Arab EmiratesManjula Guruge
11.2%
AfghanistanShafiqullah
10.6%
Sri LankaTharindu Kaushal
10.6%
Sri LankaSeekkuge Prasanna
9.9%
United Arab EmiratesKamran Shazad
9.6%
United Arab EmiratesRohan Mustafa
7.4%
United Arab EmiratesKrishna Chandran
6.4%
United Arab EmiratesNasir Aziz
6.4%
United Arab EmiratesSaqlain Haider
6.4%
United Arab EmiratesFahad Alhashmi
5.9%
Remove Ads.
Support Sporcle.
Get the best of Sporcle when you Go Orange. This ad-free experience offers more features, more stats, and more fun while also helping to support Sporcle. Thank you for becoming a member.

You're not logged in!

Compare scores with friends on all Sporcle quizzes.
OR
Log In

Show Comments

Extras

Top Quizzes Today


Score Distribution

Your Account Isn't Verified!

In order to create a playlist on Sporcle, you need to verify the email address you used during registration. Go to your Sporcle Settings to finish the process.

Report this User

Report this user for behavior that violates our Community Guidelines.

Details: